Quizzes
Events
Quiz Creation
Community
Videos
Private Events
Remove Ads
Sign In
Join for FREE
Feedback
Dark Mode
Quiz Categories
Sports
Geography
Music
Movies
Television
Just For Fun
Miscellaneous
History
Literature
Language
Science
Gaming
Entertainment
Religion
Holiday
For Kids
Quiz Lab
Recent
Popular Today
Quiz Kudos Today
Editor Picks
Curator Picks
Quizzes by...
Day
Popularity
Type
Ratings
Length
Year
Community
Subscriptions
Recent Discussions
Orange Saloon
Badges
Playlists
Quests
Create
Leaderboards
Showdown
Live 5
Trivia Bingo
Activity
Puzzle Library
Sporcle Events
Private Events
Virtual Trivia
Globe League
Become a Host
Pub Owners
SporcleCon
Opinionation
Our Games
Videos
Blog
Mobile Apps
Partnerships
Remove Ads and Go Orange
Feedback
Television
TV Characters
TV Show
Sitcom
Network
Friends
Reality Shows
Cast
South Park
Star Trek
The Simpsons
Doctor Who
Television
TV Characters
TV Show
Sitcom
Network
Friends
Reality Shows
Cast
South Park
Star Trek
The Simpsons
Doctor Who
Random Quiz
Search Sporcle
×
Quiz Lab
Quiz Lab
Television
Quote
Type in answers that appear in a list
Type in answers that appear in a list
Classic
Best Score? Go Orange.
The Simpsons: Cape Feare Stats
Can you name the trivia about the classic Simpsons episode 'Cape Feare'?
By
nscox
10m
28 Questions
340 Plays
340 Plays
340 Plays
Comments
Comments
Give Quiz Kudos
Give Quiz Kudos
-
- Ratings
hide this ad
Replay
Link that replays current quiz
Next Quiz
Link to next quiz in quiz playlist
You Got
0%
They Got
Avg Score
80%
Avg Friend Score
Upgrade to see
Score Distribution
Jump to the score distribution portion of the page
Score
0/28
Timer
10:00
0
Plays Today
Question/Clue
Answer
% Correct
Bart receives a threatening letter written in what?
Blood
95.6%
Possible relocation options include: (Name one)
Cape Fear, Terror Lake, New Horrorfield, Screamville
94.1%
Bob has a tattoo on his chest that says what (three words)?
Die Bart, Die.
92.6%
The episode is based on what 1962 thriller (and its 1992 remake)?
Cape Fear
92.1%
The episode features the return of Sideshow Bob. What guest star voices him?
Kelsey Grammer
91.8%
In the end, Bob is arrested by what character?
Chief Wiggum
91.8%
Bob emerges from under the car, only to step on what object?
A rake
91.5%
Lisa suspects that the letters were sent by what character that is often pranked by Bart?
Moe
91.2%
In the rush to leave Springfield, what character was left behind?
Grampa
91.2%
Bob claims that the threatening tattoo is in what language?
German
90.6%
So what does the tattoo mean, according to Bob?
The Bart, The.
89.1%
Bob reveals himself to Bart and lies in the street. What animals trample him?
Elephants
85.3%
Without his pills, Grampa has turned into a woman. Before it can be fixed, he is courted by what character?
Jasper
85%
Homer is given what new last name?
Thompson
84.1%
Question/Clue
Answer
% Correct
'Hey kids, want to drive through that _
_
_
_
_
_
_
_
_
_
?'
Cactus Patch
81.8%
Bob stays at the Bates Motel, which is based on a locale in what horror film?
Psycho
81.8%
The Simpsons' new house is actually what?
A houseboat
81.5%
'Hey Bart, wanna see my new _
_
_
_
_
and _
_
_
_
_
?'
Chainsaw and hockey mask
81.2%
Bob is revealed to be behind the letters. Who is his cellmate?
Snake
80.6%
After being cornered by Bob, Bart requests a performance of what musical?
H.M.S. Pinafore
76.8%
Homer barges into Bart's room to offer him what food?
Brownies
75%
Unfortunately, Bob hides under the Simpsons' car. What liquid does Homer poor over the side?
Coffee
73.5%
Homer reveals that he has a tattoo of what two words on his rear end (given to him by Bart)?
Wide Load
71.8%
What animal does that character keep in his back room?
Pandas
71.2%
During a nervous period, Bart is seemingly threatened by what characters (name one)?
Marge, Flanders and Mrs. Krabappel
69.7%
Bob confronts the family in what location?
A movie theater
56.6%
The Simpson family is put into the Witness Relocation Program. Homer fantasizes about becoming what legendary football player?
John Elway
50%
The episode opens with a late night show hosted by what character?
McBain
40.6%
Quiz Playlist
Details
Report
Send in Message
Add To Playlist
Classic:
Type in answers that appear in a list
Quiz Source
Last Updated: Feb 16, 2017
Quiz Scoreboard
CHALLENGE
Sign Up to Join the Scoreboard
Show All
Scores
Hide
Comments
May contain spoilers
Recently Published
Movies - When Are They Set?
by FPL_Elf
Movies
5m
Popular People in 1961
by mucciniale
History
6m
1-10 Letter E Words III
by El_Dandy
Language
2m
More to Explore
Quiz From the Vault
Featured Blog Post
Where Did the Easter Bunny Come From?
hide this ad
You Might Also Like...
Tags
Animal Quiz
Quote Quiz
The Simpsons Quiz
episode
TV Episodes
Today's Top Quizzes in Television
Browse Television
hide this ad
Today's Top Quizzes in Quote
Browse Quote
Top Contributed Quizzes in Television
1
One Piece Logic Puzzle
2
Survivor Logic Puzzle: Heroes vs. Villains
3
Survivor Seasons
4
Survivor Season by Logo
5
Survivor Trivia
6
One Thing in Common: Television
7
Who Wants to Be a Millionaire?
8
Survivor Logic Puzzle: Winners at War
9
Ultimate Survivor Logic Puzzle
10
Phoebe Buffay Quotes
Explore More
Trending Topics
NBA
Marvel
Crossword
Kpop
Anime
Harry Potter
Disney
WWE
Puzzle
Country
Pokémon
The Office
Song
NFL
Soccer
hide this ad
More By:
nscox
Quiz
Plays
Rating
Category
Featured
Created
2012 Summer Olympics Minefield
527,194
4.14
Sports
Jul 11, 2012
NHL Teams (Redux)
280,048
4.17
Sports
Mar 31, 2012
WWE 'Money in the Bank' Match Participants
246,687
4.23
Sports
Jun 27, 2011
Every WrestleMania Match 1-31!
239,963
4.57
Sports
Mar 4, 2012
Famous Wrestlers by Picture
236,424
4.21
Sports
Sep 13, 2012
Go to Creator's Profile
Score Distribution
Quiz Creator Spotlight
nscox
Follow
Send a Message
Quizzes Created
-
Created Quiz Play Count
-
More By This Creator
Popular Quizzes Today
1
Find the Countries of Europe - No Outlines Minefield
2
Find the US States - No Outlines Minefield
3
The Countries of the World
4
Popular People in 1961
5
1-10 Letter E Words III
6
US States
7
Find the US States
8
One Thing in Common: World Cities II
More Television Quizzes
Follow That Line: Curb Your Enthusiasm
Published
Trending Quizzes
Risky Map Clicking: Least Populous States A-Z
Humor Books: The Subtitles
1-10 Letter F Words
1-10 Letter G Words
One Thing in Common: United Kingdom
Recently Updated
Leaping Animals
pecheneg
Reality TV Shows (A-Z)
bhenderson79
Rickey Henderson's Hall of Fame Teammates
pecheneg
Champions League XIs: Arsenal
pecheneg
Quick Pick: Celebrities in WWE's Hall of Fame
aduchscher
A-Z Keypad Blitz II
pecheneg
Multiple Oscar Actors
pecheneg
Mystery Phrase Blitz: Oscar 'Best Actors'
pecheneg
F. Scott Fitzgerald Novels
LTH
Pick 3 Villains
ddd62291
Trending Topics
Kpop
Disney
Marvel
NBA
Harry Potter
Crossword
Anime
Country
Puzzle
WWE
The Office
NFL
Song
Soccer
Pokémon
Your Account Isn't Verified!
In order to create a playlist on Sporcle, you need to verify the email address you used during registration. Go to your
Sporcle Settings
to finish the process.
Report this User
Report this user for behavior that violates our
Community Guidelines
.
Details:
Send Report
Go to the Sporcle.com Mobile Site →
Comments